Culturas hispanas en los Estados Unidos de América (Record no. 12766)

MARC details
000 -LEADER
campo de control de longitud fija 00980nam a2200253 4500
001 - NÚMERO DE CONTROL
campo de control 12766
003 - IDENTIFICADOR DE NÚMERO DE CONTROL
campo de control ES-MaACL
005 - FECHA Y HORA DE LA ÚLTIMA TRANSACCIÓN
campo de control 20250731023016.0
007 - CAMPO FIJO DE DESCRIPCIÓN FÍSICA--INFORMACIÓN GENERAL
campo de control de longitud fija t|
008 - DATOS DE LONGITUD FIJA--INFORMACIÓN GENERAL
campo de control de longitud fija 000000s1990 sp ||||0| spa d
016 7# - NÚMERO DE CONTROL DE UNA AGENCIA BIBLIOGRÁFICA NACIONAL
Número de control cancelado/no válido 05422549
020 ## - NÚMERO INTERNACIONAL ESTÁNDAR DEL LIBRO
Número Internacional Estándar del Libro 84-7232-563-6
080 ## - NÚMERO DE LA CLASIFICACIÓN DECIMAL UNIVERSAL
Número de la Clasificación Decimal Universal 008(460+ 8.03:73)
245 00 - MENCIÓN DEL TÍTULO
Título Culturas hispanas en los Estados Unidos de América
Resto del título : Tercer Congreso Internacional "Culturas Hispanas de los Estados Unidos de América: hacia la nueva síntesis" (Barcelona-Torredembarra, España, junio 1988) /
Mención de responsabilidad, etc. edición a cargo de María Jesús Buxó Rey y Tomás Calvo Buezas.
260 ## - PUBLICACIÓN, DISTRIBUCIÓN, ETC.
Lugar de publicación, distribución, etc. Madrid :
Nombre del editor, distribuidor, etc. Cultura Hispánica,
Fecha de publicación, distribución, etc. 1990.
300 ## - DESCRIPCIÓN FÍSICA
Extensión 767 p. ;
Dimensiones 24 cm.
490 1# - MENCIÓN DE SERIE
Mención de serie Colección hispana
651 #4 - PUNTO DE ACCESO ADICIONAL DE MATERIA--NOMBRE GEOGRÁFICO
Nombre geográfico España-
Subdivisión general Civilización-
-- Influencia norteamericana
9 (RLIN) 8165
700 1# - ENTRADA AGREGADA--NOMBRE PERSONAL
Nombre de persona Buxó Rey, María Jesús.
9 (RLIN) 32987
700 1# - ENTRADA AGREGADA--NOMBRE PERSONAL
Nombre de persona Calvo Buezas, Tomás.
9 (RLIN) 33872
830 1# - PUNTO DE ACCESO ADICIONAL DE SERIE-TÍTULO UNIFORME
Título uniforme Colección hispana
9 (RLIN) 179355
852 ## - LOCALIZACIÓN
Ubicación ES-MaACL
Número de control de estantería L-20000
Holdings
Estatus retirado Estado de pérdida Estado de daño No para préstamo Biblioteca de origen Biblioteca actual Ubicación en estantería Fecha de adquisición Fuente de adquisición Total de préstamos Signatura topográfica completa Código de barras Visto por última vez Precio de reemplazo Tipo de ítem Koha
        Biblioteca del Ateneo de Madrid Biblioteca del Ateneo de Madrid Depósito 2 17/01/2008     L-20000 1013004 23/02/2023 23/02/2023 Libro impreso